| 000 | 006270000a22001810004500 | ||
|---|---|---|---|
| 003 | MACL | ||
| 005 | 20160427134932.0 | ||
| 008 | 160427b xxu||||| |||| 00| 0 eng d | ||
| 040 |
_aMACL _cMACL |
||
| 041 | _aHindi | ||
| 082 | _a800 | ||
| 100 |
_aनर्मदा प्रसाद इन्दुरख्या _919972 |
||
| 245 | _aहिन्दी साहित्य का संक्षिप्त इतिहास | ||
| 260 |
_aजबलपुर _bमुकेश पुस्तक निलय _c2012 |
||
| 350 | _a100 | ||
| 650 |
_aLiteracture _954384 |
||
| 942 |
_cHIN _k800/IND _2ddc |
||
| 999 |
_c48543 _d48543 |
||